00561nam a2200169 a 4500001001000000003000900010005001700019007001000036008004100046040002200087100002800109245006200137260006600199300002100265504007300286504003200359000025028DO-SdBNP20180214093129.0000025028110209s1958 dr 000 0 spa d aBPMSUbspacBPMSU1 aCestero - Burgos, Tulio10aDel cadalso voló la libertad /cTulio Cestero - Burgos. aCiudad Trujillo, República Dominicna :bArte y cine,c1958. a135 p. ;c18 cm. aIncluye referencias bibliográficas y notas al pie de las páginas aBibliografía : p. 133-134